| 000 | 00405nam a2200133 a 4500 | ||
|---|---|---|---|
| 001 | 000033663 | ||
| 005 | 20200930070426.0 | ||
| 008 | 110905s1936 dr g 000 0 spa d | ||
| 040 |
_aDO-SdBNP _bspa _cBNPHU |
||
| 082 |
_axxxxxxxx _cxxxxxxxx |
||
| 245 | 0 | 0 | _aAlbum musical de composiciones dominicanas. |
| 260 |
_aCiudad Trujillo, República Dominicana : _b[s.n.], _c1936. |
||
| 300 |
_a18 p. : _bmús. ; _c27 cm. |
||
| 999 |
_c33154 _d33154 |
||